| 000 | 00363nam a2200133Ia 4500 | ||
|---|---|---|---|
| 008 | 220204s9999 xx 000 0 und d | ||
| 082 |
_a681.31 _bRAM |
||
| 100 | _aRamirez, Edward V | ||
| 245 | 0 | _aMicroprocessing fundamentals: Hardware and software | |
| 260 |
_aAukland _bMcGraw Hill _c1977 |
||
| 650 | _aMicroprocessors | ||
| 700 | _aWeiss, Melvyn | ||
| 942 | _cBK | ||
| 999 |
_c39295 _d39295 |
||